|
|
|
|
| LEADER |
00000nab a2200000 a 4500 |
| 001 |
vtls000767176 |
| 003 |
SK-MaSNL |
| 005 |
20260305003750.0 |
| 008 |
250429c1998 xo 0 slo |
| 015 |
|
|
|a SNBRA2001/09-25887
|
| 035 |
|
|
|a CLN000118963
|
| 035 |
|
|
|a urn:nbn:sk:snk-abm5d
|
| 035 |
|
|
|a (urnnbn)urn:nbn:sk:snk:ar-a04e4k
|
| 035 |
|
|
|a (uuid)dd31eee9-2507-49de-883b-235888f5f57b
|
| 040 |
|
|
|a SNKBUCL
|b slo
|c SNKBUCL
|e AACR2
|
| 041 |
0 |
|
|a slo
|
| 044 |
|
|
|a xo
|c SK
|
| 080 |
|
|
|a 903.3/.4(437.6)"637/638":902
|2 1997
|
| 080 |
|
|
|a 902.2(437.6)
|2 1997
|
| 100 |
1 |
|
|a Elschek, Kristian,
|d 1956-
|4 aut
|9 9191
|
| 245 |
1 |
0 |
|a Sídlisko z doby bronzovej a laténskej v Bratislave-Devínskej Novej Vsi
|c Kristian Elschek - Peter Bárta
|
| 300 |
|
|
|b Fotogr., mp., obr., tab.
|
| 504 |
|
|
|a Res. nem.
|
| 504 |
|
|
|a Bibliogr. odkazy
|
| 650 |
0 |
7 |
|a sídliská (archeológia)
|2 snkbucl
|9 67918
|
| 650 |
0 |
7 |
|a doba laténska
|2 snkbucl
|9 71483
|
| 650 |
0 |
7 |
|a archeologické výskumy
|2 SNKPH
|9 74796
|
| 650 |
0 |
7 |
|a doba bronzová
|2 snkbucl
|9 79087
|
| 651 |
|
7 |
|a Devínska Nová Ves (Bratislava IV, Slovensko)
|2 snkbucl
|9 70950
|
| 700 |
1 |
|
|a Barta, Peter,
|d 1974-
|4 aut
|9 154233
|
| 773 |
0 |
|
|t Archeologické výskumy a nálezy na Slovensku v roku 1996
|d Nitra : Archeologický ústav Slovenskej akadémie vied, 1998
|g S. 47-52
|z 8088709369
|
| 850 |
|
|
|a Slovenská národná knižnica
|
| 852 |
|
|
|a Slovenská národná knižnica
|
| 954 |
|
|
|a odborná, vedecká literatúra pôvodná (slovenská)
|2 lita
|
| 958 |
|
|
|a article2022
|
| 958 |
|
|
|a NB
|
| 958 |
|
|
|a OND
|
| 958 |
|
|
|a EUIPO
|
| 999 |
|
|
|c 3232192
|d 3234122
|